TFT Objets - Set 13 - Statistiques

Statistiques générales
  • Ce quiz a été pris 113 fois
  • Le résultat moyen est 18 sur 65
Statistiques - réponses
% Correct
Baguette trop grosse
60%
Lance de Shojin
60%
Larme de la déesse
58%
Arc courbe
57%
Buff bleu
57%
Buff rouge
57%
Armure de Warmog
55%
Coiffe de Rabadon
53%
BF glaive
52%
Cotte de maille
50%
Soif-de-sang
48%
Spatule
48%
Lame enragée de Guinsoo
45%
Gant d'entrainement
43%
Tueur de géant
42%
Ceinture du géant
40%
Manteau de la nuit
40%
Gage de Sterak
38%
Dent de Nashor
37%
Griffe du dragon
33%
Lame funeste
33%
Pistolame Hextech
32%
Couronne du tacticien
30%
Détermination du titan
30%
Gantelet précieux
30%
Cape solaire
28%
Dernier souffle
28%
Poêle à frire
28%
Rédemption
28%
Bâton de l'archange
27%
Gants de voleur
27%
Poignard de Statikk
27%
Lame d'infinie
23%
Lithoplastron de gargouille
23%
Mercure
23%
Ouragan de Runaan
22%
Étincelle Ionique
22%
Cotte épineuse
20%
Couronne de la reine
20%
Emblème de Conquérant
20%
Cape de négatron
18%
Cape du tacticien
18%
Morellonomicon
18%
Bouclier du tacticien
17%
Brise-garde
17%
Casque adaptatif
15%
Emblème de Famille
15%
Emblème de Pacifieur
15%
Emblème de Rebelle
15%
Emblème de Visionnaire
15%
Voeu du protecteur
15%
Emblème d'Embuscade
13%
Emblème d'Expérimentation
13%
Main de la justice
13%
Emblème d'Automate
12%
Emblème de Rose Noire
12%
Emblème de Sentinelle
12%
Emblème de Sorcier
12%
Linceul de la congruence
12%
Cœur intrépide
10%
Emblème de Combattant
8%
Emblème d'Artilleur
7%
Emblème d’Assaillant
7%
Emblème de Combattant d’Arène
5%
Emblème de Feu Volant
5%
Aucun quiz correspondant
Distribution des résultats
% des personnes avec chaque résultat
Percentile par nombre de réponses
Votre historique - résultats
Vous n’avez pas pris ce quiz